Geography Quiz

Random Geography or State Quiz

U.S. States with the most Lithuanians Quiz Stats

 Plays Quiz not verified by Sporcle

Challenge
Share
Tweet
Embed
Score 0/15 Timer 04:00
0 Plays Today
Population State % Correct
51,406California
100%
49,083New York
100%
87,294Illinois
98.3%
38,724Florida
98.3%
12,586Texas
98.3%
78,330Pennsylvania
93.1%
51,054Massachusetts
93.1%
30,977Michigan
91.4%
Population State % Correct
23,970Ohio
91.4%
37,726New Jersey
89.7%
12,837Virginia
87.9%
17,866Maryland
86.2%
13,379Wisconsin
84.5%
10,143Arizona
81%
32,035Connecticut
79.3%

You're not logged in!

Compare scores with friends on all Sporcle quizzes.
Join for Free
OR
Log In

You Might Also Like...

Show Comments

Extras

Top Quizzes Today


Score Distribution

Your Account Isn't Verified!

In order to create a playlist on Sporcle, you need to verify the email address you used during registration. Go to your Sporcle Settings to finish the process.

Report this User

Report this user for behavior that violates our Community Guidelines.

Details: